Бүрэн эрхээ хязгаарлуулсан тусгаар тогтнол (Бичлэгийн дугаар. 1145443)

MARC дэлгэрэнгүй
000 -Удирдлага
Ном зүйн бүртгэл тоо буюу кодлох утгыг агуулсан 00534nam a22001817a 4500
003 - ХЯНАЛТЫН ТОО ТОДОРХОЙЛОГЧ
Код MN-UlNLM
005 - ХАМГИЙН СҮҮЛИЙН ҮЕИЙН ХЭЛЦЛИЙН ОГНОО БА ЦАГ
Тухайн бичилтийг бичсэн засварласан сүүлийн огноо. 20250122144722.0
008 - ЕРӨНХИЙ МЭДЭЭЛЭЛ-ЭЛЕМЕНТҮҮДИЙН ӨГӨГДЛИЙН УРТ
fixed length control field 241017s2021 mp ||||| |||| 00| 0 mon d
020 ## - ОЛОН УЛСЫН СТАНДАРТ НОМЫН ДУГААР-ISBN
Олон Улсын Стандарт Номын Дугаар 9789919500788
040 ## - ЭХ СУРВАЛЖИЙГ ТОДОРХОЙЛОН БИЧИХ
Каталогийн хэл Монгол
084 ## - БУСАД АНГИЛЛЫН ДУГААР
Ангиллын нэр Номын сан номзүйн ангилал
Анги 63.3(5Мон)61
Зохиогчийн 3-н тэмдэгт Б 547
Шинжлэх ухааны мэдлэгийн салбар Түүх - 63
100 1# - ЗОХИОГЧИЙН ХЭСЭГ
Зохиогчийн нэр Болд Р.
245 1# - ҮНДСЭН ГАРЧИГ
Гарчиг Бүрэн эрхээ хязгаарлуулсан тусгаар тогтнол
Гарчигт хамааралтай мэдээ 1921-1925
Оролцогчдын тухай мэдээ Хян. Ц.Батбаяр
260 1# - ГАРАЛТЫН ТУХАЙ МЭДЭЭ
Хэвлэгдсэн газар УБ
Хэвлэлийн газар Непко хэвл
Хэвлэгдсэн он 2021
300 ## - ТООНЫ МЭДЭЭ
Хуудасны тоо 210х
546 ## - ХЭЛНИЙ ТУХАЙ МЭДЭЭ
Хэл mon
942 ## - ЭЛЕМЕНТИЙН ТӨРӨЛ
Төрөл Ном
Захиалгууд
Буцаан татагдсан төлөв Хасагдсан шалтгаан Гэмтсэн төлөв Данс заагч Захиалах боломжгүй Үндсэн номын сан Одоогийн байршил Салбар танхим Салбар танхим Бүртгэсэн огноо Бүрдүүлэлтийн эх үүсвэр Тавиурын заалт Баркод Үнэ Хамгийн сүүлд байсан огноо Нийт уншлаганд гарсан тоо Дансны дугаар Ангиллын нэр Фактур мөрийн дугаар Төрөл
          МУҮНомын сан салбар МУҮНомын сан салбар МУҮНС салбар | Хүмүүн танхим 6 давхар МУҮНС салбар | Хүмүүн танхим 6 давхар 2025-02-04 Бэлэг, хандив 63.3(5Мон)61 Б 547 006000099215 18000.00 2025-02-04   99215     Ном
        Албан хэрэгцээнд МУҮндэсний Номын сан МУҮндэсний Номын сан МУҮНС төв | Архив фонд төв байр МУҮНС төв | Архив фонд төв байр 2025-02-04 Бэлэг, хандив 63.3(5Мон)61 Б 547 003110043729 18000.00 2024-10-17   43729 Номын сан номзүйн ангилал 240823.00 Ном